I giorni dell'abbandono /

"Olga's life is shattered when her husband abandons her. This prompts her to fall into a period of self-degradation and self-destructive behaviors. "--IMDb.

Bibliographic Details
Corporate Author: Medusa Home Entertainment (Firm)
Other Authors: Faenza, Roberto, Buy, Margherita, 1962-, Zingaretti, Luca, 1961-, Bregović, Goran
Format: Video DVD
Language:Italian
English
Language Notes:In Italian with English subtitles.
Published: Milano : Medusa Home Entertainment, 2006.
Subjects:

MARC

Tag First Indicator Second Indicator Subfields
LEADER 00000cgm a2200000Ka 4500
001 in00002540310
005 20151113143803.0
007 vd cvaizq
008 060314s2005 it 096 vlita
029 0 |a C3L  |b 0609001X 
029 1 |a AU@  |b 000041587375 
035 |a (OCoLC)ocm64672512 
035 |a (OCoLC)64672512 
040 |a C3L  |c C3L  |d IND  |d OCLCG  |d ITJCU  |d UtOrBLW 
041 1 |a ita  |a eng 
043 |a e-it--- 
045 |a x4x- 
049 |a TXAM 
082 1 4 |a 791  |2 21 
090 |a PN1995.9.F67  |b .G5668 2006 
245 0 2 |a I giorni dell'abbandono /  |c un film di Roberto Faenza. 
246 3 |a Days of abandonment 
264 1 |a Milano :  |b Medusa Home Entertainment,  |c 2006. 
300 |a 1 DVD (96 min.) :  |b color, sound ;  |c 4 3/4 in. +  |e 1 booklet. 
336 |a two-dimensional moving image  |b tdi  |2 rdacontent 
337 |a video  |b v  |2 rdamedia 
338 |a videodisc  |b vd  |2 rdacarrier 
538 |a DVD; PAL; region 2; Dolby digital 5.1. 
546 |a In Italian with English subtitles. 
511 1 |a Margherita Buy, Luca Zingaretti, Goran Bregovic. 
508 |a Music Goran Bregovic ; photography director, Maurizio Calvesi. 
520 |a "Olga's life is shattered when her husband abandons her. This prompts her to fall into a period of self-degradation and self-destructive behaviors. "--IMDb. 
500 |a Videorecording. 
655 7 |a Foreign films.  |2 local 
655 7 |a Motion pictures, Italian.  |2 local 
655 7 |a Feature films.  |2 lcgft 
655 7 |a Fiction films.  |2 lcgft 
700 1 |a Faenza, Roberto. 
700 1 |a Buy, Margherita,  |d 1962- 
700 1 |a Zingaretti, Luca,  |d 1961- 
700 1 |a Bregović, Goran. 
710 2 |a Medusa Home Entertainment (Firm) 
938 |a Casalini Libri  |b CASA  |n 0609001X  |c 15.99 EUR 
994 |a C0  |b TXA 
948 |a cataloged  |b h  |c 2010/2/18  |d c  |e blrosas  |f 3:04:03 pm 
999 |a MARS 
999 f f |s baba9761-58b9-3b39-9288-f29c3e937457  |i 27f69694-8fb2-3c87-825a-01275a098da0  |t 0 
952 f f |p ric  |a Texas A&M University  |b Rellis Campus  |c Joint Library Facility  |d Remote Storage  |t 0  |e PN1995.9.F67 .G5668 2006  |h Library of Congress classification  |i video -- videodisc  |m A14839001640 
998 f f |a PN1995.9.F67 .G5668 2006  |t 0  |l Remote Storage